States Spelled Backwards - Statistics

General Stats
  • This quiz has been taken 14 times
  • The average score is 28 of 50
Answer Stats
Hint Answer % Correct
35 oihO
93%
5 ainrofilaC
79%
1 amabalA
79%
15 awoi
79%
19 eniaM
79%
12 ohadI
79%
9 adirolF
71%
2 aksalA
71%
11 iiawaH
71%
16 sasnaK
71%
43 saxeT
71%
45 tnomreV
71%
10 aigroeG
64%
27 aksarbeN
64%
26 anatnoM
64%
3 anozirA
64%
8 erawaleD
64%
32 kroY weN
64%
6 odaroloC
64%
4 sasnakrA
64%
17 ykcutneK
64%
46 ainigriV
57%
14 anaidnI
57%
34 atokaD htroN
57%
50 gnimoyW
57%
44 hatU
57%
24 ippississiM
57%
37 nogerO
57%
47 notgnihsaW
57%
13 sionillI
57%
28 adaveN
50%
48 ainigriV tseW
50%
18 anaisiouL
50%
41 atokaD htuoS
50%
39 dnalsI edohR
50%
31 ocixeM weN
50%
7 tucitcennoC
50%
30 yesreJ weN
50%
38 ainavlysnneP
43%
36 amohalkO
43%
23 atosenniM
43%
20 dnalyraM
43%
42 eessenneT
43%
29 erihspmaH weN
43%
49 nisnocsiW
43%
40 aniloraC htuoS
36%
25 iruossiM
36%
21 sttesuhcassaM
36%
22 nagichiM
7%
33 aniloraC weN
0%
No matching quizzes found
Score Distribution
Percent of People with Each Score
Percentile by Number Answered
Your Score History
You have not taken this quiz